000 00273nam a2200121Ia 4500
008 241002s9999 xx 000 0 und d
082 _a704.948297 RIC
100 _aRice, David Talbot
245 0 _aIslamic Art
260 _aNew York:
_c1965
600 _aArt
942 _cUC
999 _c18459
_d18459